| 000 | 00698nam a22001817a 4500 | ||
|---|---|---|---|
| 005 | 20231116152052.0 | ||
| 010 | _aHIN-126287 | ||
| 020 |
_a 9789392828133 _c 300.00 |
||
| 035 | _aHN-98633 | ||
| 037 | _bDBAD/PUB | ||
| 082 |
_a821 _b1 |
||
| 100 |
_aराही राज _958787 |
||
| 245 |
_aमाँ/ _cराही राज |
||
| 260 |
_aदिल्ली _bराजसूर्य प्रकाशन _c2022 |
||
| 270 |
_bदिल्ली _aबी -33 /2238 पहला पुस्ता , सोनिया विहार _e110094 |
||
| 300 |
_a120 प्रष्ठ _c23 सेमी (सजिल्द ) |
||
| 942 |
_2ddc _cHN _h 821 _mराहीरा |
||
| 999 |
_c199020 _d199020 |
||